000 00564nam a2200229Ia 4500
003 OSt
005 20221005121219.0
006 a|||||r|||| 00| 0
007 ta
008 221004b |||||||| |||| 00| 0 eng d
024 _a49124
037 _cTextual
040 _aCRL
_cCRL
_beng
041 _2eng
_aeng
082 _aP15:Cx1:1, 122H8
100 _aRenou Louis
245 0 _aGrammaire de Panini. 3 Fasc
260 _c1948
650 _aLINGUISTICS
942 _hP15:Cx1:1, 122H8
_cTEXL
_2cc
999 _c1040481
_d1040481